U.S. States With The Most Incarcerated People - Statistics

General Stats
  • This quiz has been taken 22 times
  • The average score is 6 of 10
Answer Stats
Incarceration Rate (Per 100K) Answer % Correct
898 Alabama
100%
1020 Mississippi
94%
912 Arkansas
78%
1067 Louisiana
78%
817 Tennessee
67%
881 Georgia
61%
889 Kentucky
61%
905 Oklahoma
56%
785 Wyoming
22%
812 South Dakota
11%
No matching quizzes found
Score Distribution
Percent of People with Each Score
Percentile by Number Answered
Your Score History
You have not taken this quiz